| 000 | 00391ngm a22001577a 4500 | ||
|---|---|---|---|
| 005 | 20170227114006.0 | ||
| 008 | 160216b xxu||||| |||| 00| 0 spa d | ||
| 041 | _aspa | ||
| 082 | _a65 DVD | ||
| 245 | _aMétodo Científico | ||
| 300 | _a17 minutos | ||
| 650 |
_a MÉTODO CIENTÍFICO _9653 |
||
| 650 |
_aCIENCIAS EXACTAS _940768 |
||
| 650 |
_aPENSAMIENTO CIENTÍFICO _95227 |
||
| 942 | _cDVD | ||
| 999 |
_c8909 _d8909 |
||